000 00976cam a2200313ui 4500
999 _c200431387
_d49599
001 200431387
003 TR-AnTOB
005 20220408163818.0
007 ta
008 720128s1959 nyua e b 001 0 eng
010 _a59006085
040 _aDLC
_beng
_erda
_cTR-AnTOB
_dTR-AnTOB
041 _aeng
050 0 0 _aHD82
_b.H45 1959
090 _aTOBBK HD82
_b.H45 1959
100 1 _aHiggins, Benjamin,
_d1912-2001
_9130165
245 1 0 _aEconomic development :
_bprinciples, problems, and policies /
_cBenjamin Higgins.
264 1 _aNew York :
_bNorton,
_c[1959]
264 4 _c©1959
300 _a803 pages :
_billustrations ;
_c22 cm
336 _atext
_btxt
_2rdacontent
337 _aunmediated
_bn
_2rdamedia
338 _avolume
_bnc
_2rdacarrier
650 0 _aEconomic development
_91528
651 0 _aDeveloping countries
_xEconomic conditions
_926207
942 _2z
_cBK